The Hot Quiz Stats

 Plays Quiz Updated Jul 10, 2019

Score 0/24 Timer 06:00
8 Plays Today
Hint % Correct
A frankfurter or wiener, in other wordsHot dog
99.1%
A sensation of heat often associated with going through menopauseHot flash
90.8%
A term for a souped-up carHot rod
84.9%
Brown, non-alcoholic winter warmer beverage for after sleddingHot chocolate
83.9%
What a blowhard is filled withHot air
83.5%
Toy miniature car brand owned by MattelHot Wheels
83%
Microwaveable turnover filled with cheese, meat and/or veggiesHot Pocket
81.1%
Game where players in a circle toss a small object while music playsHot Potato
80.8%
A flat-surface warming appliance often found in dorm roomsHot plate
78.7%
Very, very tight short shorts for womenHot Pants
78.5%
Slang for the electric chair or an uncomfortable situationHot seat
75.3%
Since 1921, a national park in ArkansasHot Springs
69.4%
Hint % Correct
Nelly song featuring the line 'so take off all your clothes'Hot in Herre
63.3%
1959 Billy Wilder comedy and starring Marilyn Monroe, Tony Curtis and Jack LemmonSome Like It Hot
60.3%
Movie in which Simon Pegg plays an English policemanHot Fuzz
55.2%
Anthony Kiedis, Michael 'Flea' Balzary, and Chad SmithRed Hot Chili Peppers
50.8%
TV Land show starring Betty White and 3 other actressesHot in Cleveland
50.1%
Tennessee Williams play featuring Big Daddy, Maggie and BrickCat on a Hot Tin Roof
45.8%
1978 Foreigner song or a synonym for passionate or easily excitedHot Blooded
44.1%
1991 'Top Gun' spoof starring Charlie SheenHot Shots!
44%
2010 John Cusack movie where he travels back to the pastHot Tub Time Machine
41.1%
Rob Schneider body swapping movieThe Hot Chick
35.6%
1979 Donna Summer #1 song describing what she 'needs' tonightHot Stuff
33.2%
2001 ensemble comedy movie that takes place on the last day of a Jewish campWet Hot American Summer
15.1%

You're not logged in!

Compare scores with friends on all Sporcle quizzes.
OR
Log In

Sporcle TV

Today on Sporcle TV


Watch our educational content, quiz creation guides, and fun videos on Sporcle TV.

Show Comments

Extras

Top Quizzes Today


Score Distribution

Your Account Isn't Verified!

In order to create a playlist on Sporcle, you need to verify the email address you used during registration. Go to your Sporcle Settings to finish the process.

Report this User

Report this user for behavior that violates our Community Guidelines.

Details: